000 00395nam a22001577a 4500
005 20200601093935.0
008 200601b xxu||||| |||| 00| 0 eng d
041 _aeng
082 _a340
100 _aBARE ACT
_95744
245 _aTHE CENTRAL RESERVE POLICE FORCE ACT, 1949 (66- 1949)
260 _aDELHI
_bPROFESSIONAL BOOK PUBLISHERS
300 _a71;p
650 _aLAW
_95701
942 _cBK
999 _c6735
_d6733